Sports Quiz

Random Sports or WWE Quiz

Chris Jericho's WWE Title Wins By Date Quiz Stats

Quiz not verified by Sporcle

Challenge
Share
Tweet
Embed
Score 0/7 Timer 07:00
0 Plays Today
Wins This Championship On This Date % Correct
December 12, 1999Intercontinental
91.3%
January 9, 2017United States
84.1%
April 2, 2000European
73.9%
December 9, 2001. This title is also known as the WWE Championship laterUndisputed
68.1%
May 28, 2001Hardcore
60.9%
May 21, 2001World Tag Team
53.6%
June 28, 2009Raw Tag Team
11.6%

You're not logged in!

Compare scores with friends on all Sporcle quizzes.
Join for Free
OR
Log In

You Might Also Like...

Show Comments

Extras

Created Jan 10, 2017ReportNominate
Tags:WWE Quiz

Top Quizzes Today


Score Distribution

Your Account Isn't Verified!

In order to create a playlist on Sporcle, you need to verify the email address you used during registration. Go to your Sporcle Settings to finish the process.

Report this User

Report this user for behavior that violates our Community Guidelines.

Details: